| 000 | 00726cam a22002291 4500 | ||
|---|---|---|---|
| 001 | ne 68001190 | ||
| 003 | DLC | ||
| 005 | 20260227111840.0 | ||
| 008 | 940308s1965 tu 000 0 tur | ||
| 010 | _ane 68001190 | ||
| 035 | _a(OCoLC)29927269 | ||
| 040 |
_aDLC _cCU _dCU _dDLC |
||
| 042 | _apremarc | ||
| 050 | 0 | 0 |
_aJN9798.T8 _bF48 |
| 100 | 1 | _aFeyzioğlu, Turhan. | |
| 245 | 1 | 0 |
_aHükûmet programı müzakerelerinde C.H. P.nin görüşleri _c[yazanlar] Turhan Feyzioğlu [ve] Hıfzı Oğuz Bekata. |
| 260 |
_a[Ankara, _bAjans-Türk Matbaası] _c1965. |
||
| 300 |
_a82 p. _c24 cm. |
||
| 500 | _aSpeeches delivered in Parliament. | ||
| 610 | 2 | 0 | _aCumhuriyet Halk Partisi (Turkey) |
| 700 | 1 |
_aBekata, Hifzi Oğuz, _d1911- |
|
| 999 |
_c50237 _d50237 |
||